[Event "12th Open"]
[Site "Dubai UAE"]
[Date "2010.04.11"]
[Round "7"]
[White "Pantsulaia,L"]
[Black "Ibrahimov,R"]
[Result "1/2-1/2"]
[WhiteElo "2588"]
[BlackElo "2538"]
[EventDate "2010.04.05"]

1. c4 Nf6 2. g3 e6 3. Bg2 d5 4. Nf3 dxc4 5. Qa4+ c6 6. Qxc4 b5 7. Qc2 Bb7
8. b3 Nbd7 9. Bb2 c5 10. O-O a6 11. a4 Be7 12. Nc3 Rb8 13. axb5 axb5 14.
Ng5 Bxg2 15. Kxg2 h6 16. Nge4 Qb6 17. Nxf6+ Nxf6 18. Ne4 Nxe4 19. Qxe4 O-O
20. d3 Qb7 21. Qxb7 Rxb7 22. Be5 Rc8 23. Rfc1 f6 24. Bf4 Rc6 25. Be3 e5 26.
g4 g6 27. Ra8+ Kf7 28. Rh8 Kg7 29. Rxh6 c4 30. bxc4 bxc4 31. dxc4 Rbc7 32.
c5 Bxc5 33. Rh3 Bxe3 34. Rxc6 Rxc6 35. Rxe3 g5 36. Kg3 Rc2 37. h4 gxh4+ 38.
Kxh4 Kg6 39. Re4 Ra2 40. Kg3 Rb2 41. e3 Ra2 42. Rc4 Rb2 43. Rc8 Rb3 44. Kf3
Rb2 45. Rg8+ Kf7 46. Rh8 Kg7 47. Rh5 Kf7 48. Rf5 Ke6 49. Kg3 Rb1 50. Rh5
Rg1+ 51. Kf3 Kf7 52. Rh8 Kg7 53. Rc8 Kf7 54. Rc4 Kg6 55. Ke2 Kf7 56. Kd3
Kg6 57. f3 Ra1 58. Ke4 Ra2 59. Rb4 Ra1 60. Rc4 Ra2 61. Rc3 Ra1 62. Rd3 Rf1
63. Rd8 Ra1 64. Rg8+ Kf7 65. Rc8 Kg6 66. Kd5 Rf1 67. Ke4 Ra1 68. Rg8+ Kf7
69. Rd8 Kg6 70. Rd3 Rf1 71. Ra3 Rf2 72. Ra1 Rb2 73. Ra8 Rf2 74. Ra7 Rb2 75.
Ra6 Rb4+ 76. Kd5 Rb3 1/2-1/2

[Event "12th Open"]
[Site "Dubai UAE"]
[Date "2010.04.11"]
[Round "7"]
[White "Kotanjian,T"]
[Black "Arutinian,D"]
[Result "1/2-1/2"]
[WhiteElo "2522"]
[BlackElo "2576"]
[EventDate "2010.04.05"]

1. d4 Nf6 2. c4 e6 3. Nc3 Bb4 4. Qc2 O-O 5. a3 Bxc3+ 6. Qxc3 d6 7. f3 c5 8.
dxc5 dxc5 9. Bf4 Qe7 10. Rd1 Rd8 11. Rxd8+ Qxd8 12. Nh3 Nc6 13. Nf2 Qe7 14.
Bg5 e5 15. e3 h6 16. Bxf6 Qxf6 17. Bd3 Qd6 18. O-O Be6 19. Rd1 Qc7 20. Be4
Rd8 21. Bxc6 Rxd1+ 22. Nxd1 Qxc6 23. Qxe5 Bxc4 24. Nc3 a6 25. Kf2 b6 26. e4
f6 27. Qb8+ Kh7 28. Qd8 b5 29. b4 Bb3 30. Ne2 cxb4 31. axb4 Qc2 32. Ke3 Bc4
33. Qd2 Qb1 34. h4 Bxe2 35. Kxe2 Qh1 36. Ke3 Qxh4 37. f4 Qg3+ 38. Kd4 Qb3
39. Kc5 Qc4+ 40. Kb6 Qxe4 41. Kxa6 Qc6+ 42. Ka5 h5 43. g3 Qf3 44. Qe1 Qd3
45. Qe8 Kh6 46. Qh8+ Kg6 47. Qe8+ 1/2-1/2

[Event "12th Open"]
[Site "Dubai UAE"]
[Date "2010.04.11"]
[Round "7"]
[White "Khader,Sam"]
[Black "Sargissian,G"]
[Result "0-1"]
[WhiteElo "2466"]
[BlackElo "2675"]
[EventDate "2010.04.05"]

1. e4 c6 2. c4 d5 3. cxd5 cxd5 4. exd5 Nf6 5. Nc3 Nxd5 6. Nf3 e6 7. d4 Bb4
8. Bd2 O-O 9. Bd3 Nc6 10. O-O Nf6 11. Be3 Be7 12. Rc1 Nb4 13. Bb1 b6 14. a3
Nbd5 15. Qd3 Bb7 16. Ne5 Nxc3 17. bxc3 Be4 18. Qa6 Qc8 19. Qa4 Bxb1 20. Nc6
Bd6 21. Rxb1 Qd7 22. c4 Rfc8 23. c5 Bf8 24. cxb6 axb6 0-1

[Event "12th Open"]
[Site "Dubai UAE"]
[Date "2010.04.11"]
[Round "7"]
[White "Balogh,C"]
[Black "Harutjunyan,G"]
[Result "1-0"]
[WhiteElo "2622"]
[BlackElo "2476"]
[EventDate "2010.04.05"]

1. e4 c6 2. d4 d5 3. e5 Bf5 4. h4 h5 5. c4 e6 6. Nc3 Be7 7. cxd5 cxd5 8.
Bd3 Bxd3 9. Qxd3 Nc6 10. Nf3 Nh6 11. Bxh6 Rxh6 12. g3 Kf8 13. O-O g6 14.
Rfc1 Kg7 15. a3 Rh8 16. Na4 Qd7 17. b4 Rhc8 18. Nc5 Bxc5 19. dxc5 Rc7 20.
Rc2 Rac8 21. Rac1 Qd8 22. Kg2 Rd7 23. Qe3 d4 24. Qe4 Rd5 25. Rd2 Qc7 26.
Nxd4 Qxe5 27. Qxe5+ Nxe5 28. Nb3 Rcd8 29. Rxd5 Rxd5 30. b5 Kf8 31. c6 bxc6
32. bxc6 Rd8 33. Rc5 f6 34. Nd4 Ke7 35. Nb5 Rc8 36. Nxa7 Rc7 37. f4 Nd7 38.
Nb5 Nxc5 39. Nxc7 Kd6 40. Ne8+ Kxc6 41. Nxf6 Kd6 42. Kf3 Na4 43. Ke4 Nc3+
44. Kd3 Nd1 45. Ne4+ Kd7 46. Kd4 Nb2 47. Nc5+ Kd6 48. Nd3 Na4 49. Ne5 Nc5
50. Nxg6 Nb3+ 51. Ke3 Na5 52. Ne5 Kd5 53. g4 Nb7 54. gxh5 Nd6 55. Kf3 1-0

[Event "12th Open"]
[Site "Dubai UAE"]
[Date "2010.04.11"]
[Round "7"]
[White "Satyapragyan,S"]
[Black "Gelashvili,T"]
[Result "1/2-1/2"]
[WhiteElo "2466"]
[BlackElo "2621"]
[EventDate "2010.04.05"]

1. e4 d6 2. d4 g6 3. Nc3 Bg7 4. Nf3 a6 5. a4 Nd7 6. Bc4 e6 7. a5 Ne7 8. O-O
O-O 9. Ne2 b5 10. axb6 cxb6 11. Ng3 Bb7 12. Bd3 b5 13. Be3 e5 14. Qd2 exd4
15. Bxd4 Ne5 16. Nxe5 dxe5 17. Bc5 Re8 18. Rfd1 Qc8 19. b4 Nc6 20. Ne2 Qe6
21. Nc1 Rad8 22. Nb3 Nd4 23. Na5 Ba8 24. c3 Nc6 25. Nxc6 Qxc6 26. Qe3 Bf8
27. Bxf8 Rxf8 28. Rac1 Rd6 29. f3 Bb7 30. Bc2 Rfd8 31. Rxd6 Rxd6 32. Rd1
Bc8 33. Rxd6 Qxd6 34. Bb3 Be6 35. Bxe6 Qxe6 36. Qc5 h5 37. h4 Qf6 38. Kf1
Kg7 39. Ke2 Qe6 40. Kf2 Kf6 41. Kg1 Kg7 42. Kf2 Qf6 43. g3 Qe6 44. Kg2 Kg8
45. Kg1 Kh7 46. Qc7 Kg8 47. Qc5 Kg7 48. Kg2 Qa2+ 49. Kh3 Qe6+ 50. Kg2 Qa2+
51. Kh3 Kf6 52. Qf8 Qe6+ 53. Kg2 Qa2+ 54. Kh3 Qe6+ 1/2-1/2

[Event "12th Open"]
[Site "Dubai UAE"]
[Date "2010.04.11"]
[Round "7"]
[White "Khukhashvili,S"]
[Black "Fedorov,Alex"]
[Result "0-1"]
[WhiteElo "2421"]
[BlackElo "2618"]
[EventDate "2010.04.05"]

1. e4 c5 2. Nf3 e6 3. d4 cxd4 4. Nxd4 a6 5. Bd3 Bc5 6. Nb3 Be7 7. Qg4 g6 8.
Qe2 d6 9. Be3 Nf6 10. N1d2 O-O 11. a4 Nc6 12. a5 Ne5 13. O-O d5 14. f4 Nxd3
15. cxd3 dxe4 16. dxe4 Bd7 17. Bb6 Qb8 18. Rf3 Rc8 19. Bd4 Bb5 20. Qe1 Qc7
21. Rd1 Ba4 22. Be5 Bc5+ 23. Kh1 Qe7 24. Ra1 Bxb3 25. Nxb3 Nd7 26. Bc3 Ba7
27. Qg3 Rd8 28. Nd2 Rac8 29. Raf1 Nf6 30. e5 Nd5 31. Ne4 Rc4 32. Nf6+ Nxf6
33. exf6 Qf8 34. Rd3 Bb8 35. Be5 Bxe5 36. fxe5 h5 37. h3 Rxd3 38. Qxd3 Rc5
39. Qd7 Rxe5 40. Qe7 Qc8 41. Qb4 Rd5 42. Re1 Kh7 43. Qe7 Rd7 44. Qa3 Qd8
45. Rf1 h4 46. Qc5 Kh6 47. g3 Rd1 48. Qe3+ g5 49. Rxd1 Qxd1+ 50. Kg2 Qc2+
51. Kh1 Qb1+ 0-1

[Event "12th Open"]
[Site "Dubai UAE"]
[Date "2010.04.11"]
[Round "7"]
[White "Petrosian,TL"]
[Black "Harika,D"]
[Result "1/2-1/2"]
[WhiteElo "2612"]
[BlackElo "2473"]
[EventDate "2010.04.05"]

1. e4 e5 2. Nf3 Nc6 3. Bc4 Bc5 4. c3 Nf6 5. d3 a6 6. Bb3 Ba7 7. O-O O-O 8.
Re1 d6 9. h3 h6 10. Nbd2 Be6 11. Bc2 Re8 12. Nf1 d5 13. Qe2 Qd7 14. N3h2
Rad8 15. Qf3 Nh7 16. Ng3 Rf8 17. Ng4 dxe4 18. dxe4 Bxg4 19. hxg4 Ng5 20.
Bxg5 hxg5 21. Rad1 Qe7 22. Rd5 g6 23. Red1 Nb8 24. Bb3 Rxd5 25. exd5 Kg7
26. Ne4 Nd7 27. d6 cxd6 28. Rxd6 Nc5 29. Rd2 Nxe4 30. Qxe4 Bb6 31. Rd3 f5
32. gxf5 Rxf5 33. Rf3 Rxf3 34. gxf3 Qc5 35. Qe2 Ba7 36. Bc2 b5 37. Be4 a5
38. a3 b4 39. cxb4 axb4 40. a4 Bb6 41. Kg2 Kh6 42. b3 Kg7 43. Qd2 Qd4 44.
Qe1 Kf6 45. Qe2 Qc5 46. Bb1 Kg7 47. Qd2 Kf6 48. Kg3 Qd4 49. Qc2 Ke7 50. Qe2
Kf6 51. Be4 Qc5 52. Qd2 Qd4 53. Qe1 Qc5 54. Qf1 Qd4 55. Qe2 Qc5 56. Qa2 Kg7
57. Qd2 Qd4 58. Qc2 Qc5 59. Qe2 1/2-1/2

[Event "12th Open"]
[Site "Dubai UAE"]
[Date "2010.04.11"]
[Round "7"]
[White "Melkumyan,H"]
[Black "Ghane,S"]
[Result "1-0"]
[WhiteElo "2582"]
[BlackElo "2375"]
[EventDate "2010.04.05"]

1. d4 d5 2. c4 c6 3. Nc3 Nf6 4. e3 a6 5. Nf3 Bf5 6. Qb3 Ra7 7. Bd2 h6 8.
cxd5 cxd5 9. Ne5 Nc6 10. Nxc6 bxc6 11. Rc1 Bd7 12. Bd3 e6 13. Na4 Bd6 14.
Bb4 Rb7 15. Nc5 Bxc5 16. Rxc5 Ne4 17. Bxe4 dxe4 18. Qc4 O-O 19. Ra5 c5 20.
dxc5 Bb5 21. Rxb5 Rxb5 22. Qxe4 a5 23. Ba3 Qd5 24. Qxd5 exd5 25. Kd2 f5 26.
Rc1 Rc8 27. Kd3 Kf7 28. Kd4 Ke6 29. h4 g6 30. h5 Rg8 31. hxg6 Rxg6 32. c6
Rg4+ 33. f4 Rg8 34. Rh1 Rg6 35. Rh5 Rf6 36. g4 fxg4 37. Re5+ Kf7 38. Re7+
Kg8 39. c7 Rc6 40. Re8+ Kf7 41. c8=Q Rxc8 42. Rxc8 g3 43. f5 g2 44. Rf8+
Kg7 45. f6+ Kh7 46. Rf7+ 1-0

[Event "12th Open"]
[Site "Dubai UAE"]
[Date "2010.04.11"]
[Round "7"]
[White "Shyam,SM"]
[Black "Gupta,Ab"]
[Result "0-1"]
[WhiteElo "2372"]
[BlackElo "2560"]
[EventDate "2010.04.05"]

1. e4 e5 2. Nf3 Nc6 3. Bb5 Nf6 4. O-O Nxe4 5. d4 Nd6 6. Bxc6 dxc6 7. dxe5
Nf5 8. Qxd8+ Kxd8 9. Nc3 Ke8 10. h3 b6 11. Rd1 Bb7 12. Bf4 Rc8 13. e6 fxe6
14. Ng5 Bd6 15. Nxe6 Ke7 16. Bxd6+ cxd6 17. Nd4 Rhf8 18. Re1+ Kd7 19. Rad1
d5 20. Re5 Nxd4 21. Rxd4 Rce8 22. Rxe8 Rxe8 23. Rh4 h6 24. Rg4 Re7 25. f3
Kd6 26. Rg6+ Ke5 27. Kf2 c5 28. Ne2 d4 29. b3 Ba6 30. Nc1 Kd5 31. Nd3 Bxd3
32. cxd3 b5 33. g4 c4 34. bxc4+ bxc4 35. dxc4+ Kc5 36. Ra6 d3 37. Ra5+ Kxc4
38. Ra6 d2 39. Rd6 Kc3 40. Rc6+ Kb2 41. Rd6 Kc2 42. Rc6+ Kd1 43. h4 Re2+
44. Kf1 Re3 45. Kf2 Ra3 46. h5 Rxa2 47. Rc7 a5 48. Rc5 Ra3 49. Rc7 Rd3 50.
f4 a4 51. g5 Rd4 52. Ke3 0-1

[Event "12th Open"]
[Site "Dubai UAE"]
[Date "2010.04.11"]
[Round "7"]
[White "Malakhatko,V"]
[Black "Bajarani,U"]
[Result "1-0"]
[WhiteElo "2548"]
[BlackElo "2395"]
[EventDate "2010.04.05"]

1. d4 d5 2. c4 dxc4 3. e4 Nf6 4. e5 Nd5 5. Bxc4 Nb6 6. Bb3 Nc6 7. Nf3 Na5
8. e6 f6 9. Nc3 Qd6 10. d5 Nxb3 11. Qxb3 c6 12. O-O Nxd5 13. Nxd5 cxd5 14.
Nd4 Bxe6 15. Bf4 Qa6 16. Rfe1 Bd7 17. Qxd5 Rc8 18. Rad1 Bc6 19. Qf5 Bd7 20.
Ne6 Bxe6 21. Rxe6 Rc5 22. Qxc5 Qxe6 23. Qxa7 Qe4 24. Be3 Kf7 25. h3 Qc2 26.
Qd4 g5 27. Rc1 Qf5 28. a4 h5 29. Rc5 Qb1+ 30. Kh2 g4 31. h4 b6 32. Qc4+ Kg6
33. Rb5 Bg7 34. Qe6 1-0

[Event "12th Open"]
[Site "Dubai UAE"]
[Date "2010.04.11"]
[Round "7"]
[White "Karavade,E"]
[Black "Savchenko,S"]
[Result "1/2-1/2"]
[WhiteElo "2366"]
[BlackElo "2526"]
[EventDate "2010.04.05"]

1. d4 d5 2. c4 c6 3. Nc3 Nf6 4. e3 a6 5. Nf3 b5 6. c5 g6 7. Ne5 Bg7 8. f4
a5 9. Be2 Qc7 10. O-O Be6 11. Bd2 Nbd7 12. Be1 Ne4 13. Nxe4 dxe4 14. Qc2 f5
15. Nxd7 Qxd7 16. a4 b4 17. Bc4 Bxc4 18. Qxc4 Bf6 19. Rd1 e6 20. Bg3 O-O
21. b3 h6 22. Kf2 Kh7 23. h4 Rg8 24. Rh1 Kg7 25. Ke2 Kf7 26. Kd2 Rg7 27.
Kc2 Rag8 28. Qe2 Ke8 29. Rdg1 Bd8 30. Bf2 g5 31. hxg5 hxg5 32. fxg5 Bxg5
33. g4 Qd5 34. gxf5 exf5 35. Qh5+ Kd7 36. Rh2 Bd8 37. Rxg7+ Rxg7 38. Qh6
Rg8 39. Qh7+ Kc8 40. Rh5 Rg5 41. Rxg5 Bxg5 42. Bg3 f4 43. Bxf4 Bxf4 44.
Qh8+ Kb7 45. exf4 e3 46. Qh7+ Kb8 47. Qg6 Qf3 48. Qe8+ Kb7 49. Qd7+ Kb8 50.
Qd8+ 1/2-1/2

[Event "12th Open"]
[Site "Dubai UAE"]
[Date "2010.04.11"]
[Round "7"]
[White "Shanava,K"]
[Black "Sharbaf,M"]
[Result "1-0"]
[WhiteElo "2544"]
[BlackElo "2373"]
[EventDate "2010.04.05"]

1. e4 c5 2. Nf3 e6 3. d4 cxd4 4. Nxd4 Nf6 5. Nc3 Nc6 6. a3 d5 7. Bb5 Bd7 8.
exd5 Nxd4 9. Bxd7+ Qxd7 10. Qxd4 Nxd5 11. Nxd5 Qxd5 12. Qxd5 exd5 13. Be3
Kd7 14. O-O-O Kc6 15. Rd3 b6 16. Rhd1 Rd8 17. c4 Bc5 18. Rxd5 Rxd5 19. Rxd5
Bxe3+ 20. fxe3 Re8 21. Kd2 g6 22. Kd3 f5 23. b4 a6 24. a4 Re4 25. a5 bxa5
26. Rxa5 Kb6 27. Rd5 Kc6 28. h3 Re8 29. g4 fxg4 30. hxg4 h6 31. e4 Rh8 32.
e5 h5 33. Rd6+ Kb7 34. Rxg6 h4 35. Rf6 h3 36. Rf1 Rh4 37. g5 Rg4 38. Rf7+
Kc6 39. Rf6+ Kb7 40. Rh6 Rxg5 41. Kd4 Rg3 42. Kc5 Re3 43. Rh7+ Kc8 44. Kd6
Rd3+ 45. Kc6 Kd8 46. c5 Rb3 47. Rh4 h2 48. Rxh2 Rxb4 49. Ra2 Rh4 50. Rxa6
Rh6+ 51. Kb7 Rh5 1-0

[Event "12th Open"]
[Site "Dubai UAE"]
[Date "2010.04.11"]
[Round "7"]
[White "Arizmendi Martinez,J"]
[Black "Solomon,K"]
[Result "1-0"]
[WhiteElo "2531"]
[BlackElo "2354"]
[EventDate "2010.04.05"]

1. c4 Nf6 2. Nf3 c5 3. Nc3 b6 4. e4 Bb7 5. e5 Ne4 6. Nb1 b5 7. d3 Qa5+ 8.
Ke2 f5 9. dxe4 fxe4 10. Nfd2 Nc6 11. Nb3 Qb6 12. Ke1 O-O-O 13. Bf4 g5 14.
Nc3 Nb4 15. Be3 e6 16. a3 Nd3+ 17. Bxd3 exd3 18. Nxb5 Bxg2 19. Rg1 Be4 20.
Rg3 h5 21. Nxc5 Bxc5 22. Nd6+ Kc7 23. Nxe4 1-0

[Event "12th Open"]
[Site "Dubai UAE"]
[Date "2010.04.11"]
[Round "7"]
[White "Laxman,R"]
[Black "Mamedjarova,Z"]
[Result "1-0"]
[WhiteElo "2485"]
[BlackElo "2289"]
[EventDate "2010.04.05"]

1. Nf3 f5 2. c4 g6 3. d4 Bg7 4. b4 Nf6 5. Bb2 O-O 6. g3 Ne4 7. Bg2 d6 8.
O-O c6 9. Nbd2 Na6 10. a3 Qe8 11. Nxe4 fxe4 12. Nd2 d5 13. cxd5 cxd5 14.
Qb3 e6 15. b5 Nc7 16. a4 Bd7 17. f3 Bh6 18. e3 exf3 19. Nxf3 Rc8 20. Ba3
Rf5 21. g4 Rf7 22. Ne5 Rxf1+ 23. Rxf1 Bxb5 24. axb5 Qxb5 25. Qc3 Qe2 26.
Re1 Ne8 27. Qb4 a5 28. Rxe2 axb4 29. Bxb4 Rc1+ 30. Kf2 Rb1 31. Be7 b5 32.
g5 Bf8 33. Bxf8 Kxf8 34. Bh3 b4 35. Bxe6 Nc7 36. Bd7 b3 37. Nd3 1-0

[Event "12th Open"]
[Site "Dubai UAE"]
[Date "2010.04.11"]
[Round "7"]
[White "Arun Prasad,S"]
[Black "Maisuradze,N"]
[Result "1-0"]
[WhiteElo "2549"]
[BlackElo "2254"]
[EventDate "2010.04.05"]

1. d4 d5 2. Nf3 Nf6 3. c4 e6 4. g3 dxc4 5. Bg2 a6 6. O-O b5 7. Ne5 Ra7 8.
a4 Bb7 9. axb5 Bxg2 10. Kxg2 Qd5+ 11. Kg1 Qxb5 12. Nd2 Be7 13. Ndxc4 O-O
14. Qc2 Rc8 15. Bg5 Qe8 16. Rfc1 c5 17. dxc5 Rb7 18. Bxf6 gxf6 19. Nd3 e5
20. Na5 Rb5 21. Qc4 Nc6 22. Nxc6 Rxc6 23. b4 Qc8 24. Ra4 Rb8 25. Rca1 Ra8
26. Nb2 Kg7 27. Nd1 Bd8 28. Nc3 a5 29. Ne4 f5 30. b5 Rc7 31. Nd6 Qe6 32.
Qxe6 1-0

[Event "12th Open"]
[Site "Dubai UAE"]
[Date "2010.04.11"]
[Round "7"]
[White "Feldman,V"]
[Black "Sharapov,E"]
[Result "0-1"]
[WhiteElo "2258"]
[BlackElo "2498"]
[EventDate "2010.04.05"]

1. d4 Nf6 2. c4 c5 3. d5 b5 4. cxb5 a6 5. b6 Qxb6 6. Nc3 g6 7. Nf3 Bg7 8.
e4 d6 9. Nd2 O-O 10. Be2 Nfd7 11. Nc4 Qc7 12. a4 Nb6 13. Na3 a5 14. Nab5
Qb7 15. O-O Na6 16. Bg5 h6 17. Be3 Nb4 18. Qd2 Kh7 19. Rad1 f5 20. f3 Bd7
21. b3 Rac8 22. Kh1 Rf7 23. Bc4 Rcf8 24. Rfe1 f4 25. Bf2 Be5 26. Bf1 g5 27.
Na3 g4 28. Bg1 Rg7 29. Rc1 gxf3 30. gxf3 Qc8 31. Nc2 Rfg8 32. Ne2 Qe8 33.
Nxb4 Qh5 34. Qd3 axb4 35. Rc2 Bc8 0-1

[Event "12th Open"]
[Site "Dubai UAE"]
[Date "2010.04.11"]
[Round "7"]
[White "Ramnath,B"]
[Black "Salem,AR"]
[Result "1-0"]
[WhiteElo "2360"]
[BlackElo "2483"]
[EventDate "2010.04.05"]

1. e4 c6 2. d4 d5 3. exd5 cxd5 4. c4 Nf6 5. Nc3 Nc6 6. Nf3 Be6 7. c5 a6 8.
h3 g6 9. Bd3 Bg7 10. O-O O-O 11. Be3 Bf5 12. g4 Be4 13. g5 Bxf3 14. Qxf3
Nh5 15. Nxd5 Bxd4 16. Bc2 e6 17. Nb6 Rb8 18. Rad1 e5 19. h4 Qe7 20. Be4 Nd8
21. Bxd4 exd4 22. b4 Ne6 23. Nd5 Qd7 24. Qxh5 f5 25. Qf3 fxe4 26. Qxe4 Nf4
27. Ne7+ Kg7 28. Qe5+ 1-0

[Event "12th Open"]
[Site "Dubai UAE"]
[Date "2010.04.11"]
[Round "7"]
[White "Marcos,M"]
[Black "Kulkarni,C"]
[Result "1-0"]
[WhiteElo "2113"]
[BlackElo "2301"]
[EventDate "2010.04.05"]

1. e4 c5 2. Nc3 a6 3. g3 b5 4. Bg2 Bb7 5. f4 e6 6. d3 d6 7. Nf3 Nc6 8. O-O
Be7 9. h3 Qc7 10. Ne2 Nf6 11. g4 h6 12. Be3 Rd8 13. Ng3 d5 14. e5 Nd7 15.
Qe2 g6 16. Rae1 Nb6 17. Bc1 Kd7 18. c3 Kc8 19. d4 Rdg8 20. Be3 c4 21. Rf2
Nd7 22. Bf1 h5 23. Rh2 Qd8 24. Bf2 Qa5 25. a3 Qd8 26. Qc2 Kb8 27. Be2 Nb6
28. Bd1 Ka8 29. Qd2 Qf8 30. Bc2 Nd7 31. Be3 hxg4 32. hxg4 Nd8 33. g5 Nc6
34. Ree2 Bd8 35. Rxh8 Rxh8 36. Rh2 Ne7 37. Rxh8 Qxh8 38. Qh2 Qg8 39. Qh3
Nf5 40. Nf1 a5 41. Bd2 b4 42. axb4 axb4 43. cxb4 Bb6 44. Bc3 Ba6 45. Kf2
Bb5 46. Ne3 Nb8 47. Ng4 Nc6 48. Nf6 Qc8 49. Bxf5 exf5 50. Qh7 Qe6 51. Qg8+
Ka7 52. Qf8 Qe7 53. Qxe7+ Nxe7 54. Ke3 Kb7 55. Kd2 Kc7 56. Ne1 Kd8 57. Nc2
Bc6 58. Na3 Ba7 59. b5 Bb7 60. Ba5+ 1-0

[Event "12th Open"]
[Site "Dubai UAE"]
[Date "2010.04.11"]
[Round "7"]
[White "Mamedjarova,T"]
[Black "Omar,Noa"]
[Result "1-0"]
[WhiteElo "2269"]
[BlackElo "2113"]
[EventDate "2010.04.05"]

1. d4 d5 2. Nf3 Nf6 3. Bf4 c5 4. e3 Nc6 5. c3 Qb6 6. b3 Bf5 7. Bd3 Bxd3 8.
Qxd3 e6 9. h3 Be7 10. O-O O-O 11. Nbd2 Rfd8 12. Bh2 Rac8 13. Kh1 Qa5 14. a3
cxd4 15. cxd4 Nb8 16. b4 Qa4 17. Rfc1 Nbd7 18. Bc7 Rf8 19. Ne1 Ne8 20. Bf4
Nd6 21. Bxd6 Bxd6 22. g3 Nb6 23. Kg2 h6 24. h4 Rc6 25. Rxc6 Qxc6 26. b5 Qc7
27. e4 dxe4 28. Nxe4 Rc8 29. Nf3 Nd5 30. Re1 Be7 31. Ne5 Bd6 32. Re2 Bxe5
33. dxe5 Qxe5 34. Ng5 Qf5 35. Qxf5 exf5 36. Nf3 g6 37. a4 Kg7 38. Rd2 Rc5
39. Ne5 Nb6 40. f4 Nc4 41. Rd4 Nxe5 42. fxe5 b6 43. e6 Rc2+ 44. Kh3 Kf8 45.
Rd7 Ke8 46. Rxa7 Rc4 47. a5 bxa5 48. b6 Rc8 49. b7 1-0

[Event "12th Open"]
[Site "Dubai UAE"]
[Date "2010.04.11"]
[Round "7"]
[White "Karma,P"]
[Black "Abdulov,Or"]
[Result "1/2-1/2"]
[WhiteElo "2134"]
[BlackElo "2312"]
[EventDate "2010.04.05"]

1. e4 d6 2. d4 g6 3. Nc3 Bg7 4. Be3 Nd7 5. Qd2 a6 6. a4 b6 7. Bc4 Bb7 8. f3
e5 9. Nge2 exd4 10. Nxd4 Ngf6 11. Ba2 Ne5 12. O-O O-O 13. Bg5 Qd7 14. f4
Nc6 15. Nxc6 Bxc6 16. Rae1 Rae8 17. Qd3 b5 18. f5 Kh8 19. Qg3 gxf5 20. Bxf6
Bxf6 21. Rxf5 Be5 22. Qf3 f6 23. axb5 axb5 24. Kh1 b4 25. Nd5 Bxd5 26. Bxd5
Bxb2 27. g4 c6 28. Bb3 Bc3 29. Rf1 Qe7 30. g5 Qxe4 31. gxf6 Qxf3+ 32. R5xf3
d5 33. Rf5 Re6 34. f7 Rg6 35. h4 Kg7 36. h5 Rf6 37. Rxf6 Bxf6 38. Ba4 Kxf7
39. Bxc6 Rd8 40. Rf4 d4 41. Be4 Rc8 42. Rf5 1/2-1/2

[Event "12th Open"]
[Site "Dubai UAE"]
[Date "2010.04.11"]
[Round "7"]
[White "Berezina,I"]
[Black "Ibrayev,N"]
[Result "0-1"]
[WhiteElo "2239"]
[BlackElo "2405"]
[EventDate "2010.04.05"]

1. d4 Nf6 2. Nf3 c5 3. e3 d5 4. b3 Nc6 5. Bd3 Bg4 6. Bb2 e6 7. Nbd2 cxd4 8.
exd4 Be7 9. a3 O-O 10. O-O Bh5 11. Re1 Qc7 12. Nf1 Rac8 13. Ng3 Bg6 14.
Bxg6 hxg6 15. Re2 b5 16. Ne5 Bd6 17. Qd2 Rfe8 18. Rc1 Qe7 19. Ra1 Rc7 20.
Qd3 Rb8 21. Qd1 Rbc8 22. Qd3 a6 23. Kh1 Bxe5 24. dxe5 Nd7 25. Rae1 Qh4 26.
f3 Nc5 27. Qd1 a5 28. Rd2 a4 29. Kg1 Rb7 30. Re3 b4 31. Bd4 Qe7 32. axb4
Rxb4 33. bxa4 Rcb8 34. Kf2 Nxa4 35. c3 Nb2 36. Qc1 Rb3 37. Re1 Nc4 38. Ra2
Qh4 39. Qd1 Rb2+ 40. Rxb2 Rxb2+ 41. Re2 Rxe2+ 42. Kxe2 Qxh2 43. Kf2 Qh4 44.
Qd3 N6xe5 45. Qb1 Nc6 46. Bc5 Kh7 47. Qb7 N6e5 0-1

[Event "12th Open"]
[Site "Dubai UAE"]
[Date "2010.04.11"]
[Round "7"]
[White "Mammadov,Z"]
[Black "Dzagnidze,N"]
[Result "0-1"]
[WhiteElo "2276"]
[BlackElo "2479"]
[EventDate "2010.04.05"]

1. e4 c6 2. d4 d5 3. f3 g6 4. Nc3 Bg7 5. Be3 dxe4 6. fxe4 Nf6 7. Nf3 O-O 8.
e5 Nd5 9. Nxd5 cxd5 10. Bd3 Nc6 11. c3 f6 12. exf6 Rxf6 13. O-O Bg4 14. Bg5
Rf8 15. h3 Bf5 16. Bxf5 Rxf5 17. Qd2 Qd6 18. Nh2 Raf8 19. Ng4 h5 20. Nh6+
Bxh6 21. Bxh6 R8f7 22. Rxf5 Rxf5 23. Rf1 e6 24. Re1 Nd8 25. Bg5 Nf7 26. Bh4
g5 27. Bf2 h4 28. Qe3 Rf6 29. b3 b5 30. Qd2 a6 31. Re2 Kf8 32. a4 bxa4 33.
bxa4 Qc6 34. Qe1 Ke7 35. a5 Qb5 36. Ra2 Nd6 37. Be3 Ne4 38. Qc1 Rf5 39. Bf2
Qd3 40. Rc2 Kf7 41. Be3 Kg6 42. Bf2 Kh5 43. Be3 Ng3 44. Rf2 Ne2+ 45. Rxe2
Qxe2 46. c4 dxc4 47. d5 Rxd5 48. Qc3 e5 49. Kh2 Qd3 50. Qc1 c3 51. Qe1 Kg6
52. Bf2 c2 53. Qa1 Qe4 54. Bg1 Qf4+ 55. Kh1 0-1

[Event "12th Open"]
[Site "Dubai UAE"]
[Date "2010.04.11"]
[Round "7"]
[White "Lalith,B"]
[Black "Abhishek,K"]
[Result "1-0"]
[WhiteElo "2493"]
[BlackElo "2261"]
[EventDate "2010.04.05"]

1. Nf3 d5 2. d4 Nf6 3. c4 c6 4. Nc3 dxc4 5. a4 Bf5 6. Ne5 Nbd7 7. Nxc4 Nb6
8. Ne5 a5 9. f3 e6 10. e4 Bg6 11. Be3 Bb4 12. Be2 O-O 13. O-O Rc8 14. Nd3
Be7 15. Qb3 Nfd7 16. Rfd1 Qc7 17. Rac1 Bd6 18. f4 c5 19. dxc5 Nxc5 20. Nxc5
Bxc5 21. Nb5 Qe7 22. Rxc5 Rxc5 23. Qa3 Rfc8 24. Nd6 1-0

[Event "12th Open"]
[Site "Dubai UAE"]
[Date "2010.04.11"]
[Round "7"]
[White "Schneider,Ve"]
[Black "Salah,R"]
[Result "1/2-1/2"]
[WhiteElo "2314"]
[BlackElo "2106"]
[EventDate "2010.04.05"]

1. e4 e5 2. Nf3 d6 3. d4 Nd7 4. Nc3 Ngf6 5. Bc4 Be7 6. O-O O-O 7. Re1 c6 8.
a4 Qc7 9. Ba2 h6 10. h3 Re8 11. d5 Nf8 12. Be3 Ng6 13. Qd2 Bf8 14. b4 a5
15. dxc6 axb4 16. Nd5 Nxd5 17. cxb7 Bxb7 18. Bxd5 Bxd5 19. Qxd5 Ne7 20. Qd3
Reb8 21. Red1 Nc6 22. Qc4 Qb7 23. Rd5 Na5 24. Qd3 Qc6 25. Nd2 Rc8 26. Ra2
Qc3 27. Qxc3 Rxc3 28. Rb5 Ra3 29. Rb2 Rxa4 30. R5xb4 Rxb4 31. Rxb4 d5 32.
Ra4 d4 33. Bxd4 exd4 34. Nb3 Nxb3 35. Rxa8 Nc5 36. f3 d3 37. cxd3 Nxd3 38.
Rd8 Nc5 39. Kh2 f6 40. h4 g5 41. hxg5 hxg5 42. g3 Kf7 43. Kh3 Be7 44. Rd5
Ke6 45. Kg4 Bd6 46. Rd2 Nb3 47. Rd3 Nc5 48. Rd2 1/2-1/2

[Event "12th Open"]
[Site "Dubai UAE"]
[Date "2010.04.11"]
[Round "7"]
[White "Mirzoeva,E"]
[Black "Shiven,K"]
[Result "1-0"]
[WhiteElo "2230"]
[BlackElo "2305"]
[EventDate "2010.04.05"]

1. d4 Nf6 2. Nf3 g6 3. Bf4 Bg7 4. e3 O-O 5. Be2 d6 6. h3 Nbd7 7. O-O Re8 8.
c4 b6 9. Nc3 Bb7 10. Bh2 e5 11. d5 Qe7 12. b4 c6 13. e4 cxd5 14. cxd5 Nh5
15. Bb5 Rec8 16. Rc1 Kh8 17. Qa4 Ndf6 18. Bc6 a6 19. Bxb7 Qxb7 20. Rc2 Rc7
21. Rfc1 Bh6 22. Re1 Rac8 23. Qb3 Rc4 24. Bxe5 dxe5 25. Nxe5 Rd4 26. Ne2
Rxc2 27. Nxd4 Rc1 28. Rxc1 Bxc1 29. d6 Qxe4 30. Nxf7+ Kg7 31. Ne6+ Kg8 32.
Nfg5 Qe1+ 33. Kh2 Qe5+ 34. f4 Qxd6 35. Nc7+ Nd5 36. Nxd5 Kf8 37. g3 Nf6 38.
Ne3 Bxe3 39. Qf7+ 1-0

[Event "12th Open"]
[Site "Dubai UAE"]
[Date "2010.04.11"]
[Round "7"]
[White "El Arousy,A"]
[Black "Saduakassova,D"]
[Result "1/2-1/2"]
[WhiteElo "2265"]
[BlackElo "2094"]
[EventDate "2010.04.05"]

1. d4 Nf6 2. Nc3 d5 3. Bg5 Nbd7 4. g3 c6 5. Qd3 Qa5 6. a3 e5 7. Bxf6 gxf6
8. e3 Nb6 9. Qd2 Be6 10. Ne4 Qxd2+ 11. Nxd2 c5 12. c3 Rc8 13. Ngf3 Nd7 14.
Bb5 Bd6 15. dxc5 Bxc5 16. O-O Ke7 17. Rfe1 Rhd8 18. Rad1 Nb6 19. Nh4 Kf8
20. Bd3 Kg8 21. Bf5 Rd7 22. g4 Rcd8 23. Rc1 Bf8 24. Rc2 Rc7 25. Rcc1 Bh6
26. Ndf3 Nc4 27. Rc2 Nd6 28. Rd2 Rc4 29. h3 Rcc8 30. Red1 Nc4 31. Rc2 Nd6
32. Rcd2 Rc6 33. Re2 Rcc8 34. Red2 1/2-1/2

[Event "12th Open"]
[Site "Dubai UAE"]
[Date "2010.04.11"]
[Round "7"]
[White "Agaragimov,D"]
[Black "Venkatesh,M"]
[Result "1-0"]
[WhiteElo "2304"]
[BlackElo "2441"]
[EventDate "2010.04.05"]

1. Nf3 Nf6 2. d4 e6 3. e3 b6 4. Bd3 Bb7 5. O-O c5 6. b3 Be7 7. Bb2 Nc6 8.
a3 O-O 9. Nbd2 d6 10. c4 h6 11. Rc1 Qc7 12. Bb1 e5 13. d5 Nb8 14. Qc2 Re8
15. Nh4 Nbd7 16. f4 Nf8 17. fxe5 dxe5 18. Nf5 Bc8 19. Rf3 N8h7 20. Rcf1 Bd8
21. Qc3 Bxf5 22. Rxf5 Qd6 23. Rxe5 Bc7 24. Rxe8+ Rxe8 25. g3 b5 26. Bxh7+
Kxh7 27. Qd3+ Kh8 28. Bxf6 gxf6 29. cxb5 Rg8 30. e4 Qe7 31. Kg2 Be5 32. Nc4
Bd4 33. Rf5 Re8 34. a4 Kg7 35. d6 Qb7 36. Kf3 Qd7 37. Qd2 Re6 38. Rh5 f5
39. Rxf5 Bf6 40. Qd5 Bd4 41. Qc6 1-0